Soupis postinkunábulí (tisků z let 1501-1520 ) z fondu Státní vědecké knihovny v Brně Díl 4 Q -Z, Doplňky

Bibliographic Details
Other Authors: Vobr, Jaroslav, 1939-2013 (Compiler)
Format: Book
Language:Czech
Latin
PhysicalDescription:243 s. ilustr. 29 cm
Published: V Brně Státní vědecká knihovna 1988
Edition:1. vyd.
Subjects:

MARC

LEADER 00000cam a2200000 a 4500
001 vtls001465407
003 SK-MaSNL
005 20260302073245.0
008 210928s1988 xr a c 00000 cze
035 |a SNK000420712 
040 |a SNK  |b slo  |c SNK  |e AACR2 
041 0 |a cze  |a lat 
043 |a e-xr---  |a e-xr-jm 
044 |a xr  |c CZ 
072 7 |a 094  |x Staré tlače  |2 konspekt 
072 7 |a 027  |x Univerzálne knižnice. Verejné knižnice  |2 konspekt 
080 |a 094.1  |2 2001 
080 |a 027.021  |2 2001 
080 |a "1501/1520"  |2 2001 
080 |a (437.322)  |2 2001 
080 |a (083.8)  |2 2001 
245 1 |a Soupis postinkunábulí (tisků z let 1501-1520 ) z fondu Státní vědecké knihovny v Brně  |n Díl 4  |p Q -Z, Doplňky  |c sestavil Jaroslav Vobr 
246 3 1 |a Catalogus librorum ab a. MDI ad a. MDXX typis impressorum, qui in Scientiarum bibliotheca publica Brunensi asservantur 
250 |a 1. vyd. 
260 |a V Brně  |b Státní vědecká knihovna  |c 1988 
300 |a 243 s.  |b ilustr.  |c 29 cm 
336 |a text  |b txt  |2 marccontent 
337 |a nesprostredkované  |b n  |2 marcmedia 
338 |a zväzok  |b nc  |2 marccarrier 
610 2 7 |a Státní vědecká knihovna (Brno, Česko)  |2 SNKKA  |9 241712 
648 7 |a 1501-1520  |2 SNKPH  |9 586889 
650 0 7 |a paleotypy  |2 SNKPH  |9 62908 
650 0 7 |a vedecké knižnice  |2 SNKPH  |9 49795 
650 0 7 |a Paleotypes  |2 SNKPHeng  |9 545196 
650 0 7 |a Research libraries  |2 SNKPHeng  |9 267292 
651 7 |a Brno (Česko)  |2 SNKPH  |9 29499 
651 7 |a Brno (Czechia)  |2 SNKPHeng  |9 162621 
655 7 |a súpisy  |2 SNKPH  |9 70480 
655 7 |a Inventories  |2 SNKPHeng  |9 266628 
700 1 |a Vobr, Jaroslav,  |d 1939-2013  |4 com  |9 8847 
752 |a Česko  |d Brno 
958 |a OND 
999 |c 1160105  |d 1162035 
952 |a SNK  |b SNK  |c SNK_STHKF  |y PREZ  |7 0  |p 17A0407681  |o snkIB 55940/4 dopl.  |i snkKIP 6601/89  |8 0  |0 0  |1 0  |4 0  |d 2003-12-16  |l 0  |r 2005-01-02 00:00:00  |w 2026-02-24